000 02195 a2200193 4500
020 _a0071470379 (hardcover)
020 _a9780071470377 (hardcover)
082 0 4 _a332.10684
090 _c4061
_d4061
100 1 _aHayler, Rowland.
245 1 0 _aSix sigma for financial services :
_bhow leading companies are driving results using lean, six sigma, and process management /
_cRowland Hayler, Michael Nichols.
250 _a1st ed.
260 _a[S.l.] :
_bMcGraw-Hill,
_c2006.
300 _a280 p. ;
_c24 cm.
520 _aTHREE WORLD-CLASS MANAGEMENT METHODS. ONE COMPREHENSIVE RESOURCE. Finally, top executives across the global financial services industry are catching on-and catching up-to what the world's most successful corporations have known for more than a decade: The performance improvement principles of Six Sigma, Lean, and Process Management can be applied to all aspects of any company's operations-with remarkable results. If you want to take advantage of these proven, performance-enhancing methods, tools, and techniques, this reference helps you to use Six Sigma and other tools in a wide range of financial service applications: commercial or savings banks, diversified financials, securities, insurance firms, and more. Six Sigma for Financial Services delivers a complete and groundbreaking model specifically for financial services created by two experts of Six Sigma deployment and Process Management. Clear, concise, and comprehensive, this hands-on guide features actual experiences from frontline managers and executives in financial services firms all around the world. You'll see, up close and personal, how they used Six Sigma to illustrate key points and achieve optimal performance in their companies. You'll learn firsthand why business process excellence is crucial for success in an increasingly competitive, mission-critical industry. Using Lean, Six Sigma, and other process tools, you'll be able to run leaner and more efficiently, and provide improved service with the best possible returns.
700 1 _aNichols, Michael.
856 4 0 _3Amazon.com
_uhttp://www.amazon.com/exec/obidos/ASIN/0071470379/chopaconline-20
942 _aNBS
_cBK
_k332.10684 HAY
999 _c346517
_d346517